Pinagyamang pluma 10 : (Record no. 6758)
[ view plain ]
| 000 -LEADER | |
|---|---|
| fixed length control field | 00846nam a22002297a 4500 |
| 003 - CONTROL NUMBER IDENTIFIER | |
| control field | OSt |
| 005 - DATE AND TIME OF LATEST TRANSACTION | |
| control field | 20251203122728.0 |
| 008 - FIXED-LENGTH DATA ELEMENTS--GENERAL INFORMATION | |
| fixed length control field | 251203b |||||||| |||| 00| 0 eng d |
| 020 ## - INTERNATIONAL STANDARD BOOK NUMBER | |
| International Standard Book Number | 9789710655847 |
| 040 ## - CATALOGING SOURCE | |
| Original cataloging agency | DWCL - Main |
| Transcribing agency | OC |
| 082 ## - DEWEY DECIMAL CLASSIFICATION NUMBER | |
| Classification number | Res. 899.211 M298p 2022 |
| 100 ## - MAIN ENTRY--PERSONAL NAME | |
| Personal name | Marasigan, Emily V. |
| Relator term | Author |
| 245 ## - TITLE STATEMENT | |
| Title | Pinagyamang pluma 10 : |
| Remainder of title | wika at panitikan para sa mataas na paaralan ; aklat 2 / |
| Statement of responsibility, etc. | Emily V. Marasigan [and two others] |
| 250 ## - EDITION STATEMENT | |
| Edition statement | 3rd edition |
| 260 ## - PUBLICATION, DISTRIBUTION, ETC. | |
| Place of publication, distribution, etc. | Quezon City, Philippines: |
| Name of publisher, distributor, etc. | Phoenix Publishing House, |
| Date of publication, distribution, etc. | c2022 |
| 300 ## - PHYSICAL DESCRIPTION | |
| Extent | viii, 877 pages: |
| Other physical details | illustrations; |
| Dimensions | 25 cm. |
| 504 ## - BIBLIOGRAPHY, ETC. NOTE | |
| Bibliography, etc. note | Includes bibliographical references and index |
| 650 ## - SUBJECT ADDED ENTRY--TOPICAL TERM | |
| Topical term or geographic name entry element | 1. El Filibusterismo -- study and teaching. |
| 700 ## - ADDED ENTRY--PERSONAL NAME | |
| Personal name | Lontoc, Nestor S. |
| Relator term | Author |
| 700 ## - ADDED ENTRY--PERSONAL NAME | |
| Personal name | Baisa-Julian, Ailene G. |
| Relator term | Author |
| 942 ## - ADDED ENTRY ELEMENTS (KOHA) | |
| Source of classification or shelving scheme | Dewey Decimal Classification |
| Koha item type | Book- Reserved |
| Suppress in OPAC | No |
| 952 ## - LOCATION AND ITEM INFORMATION (KOHA) | |
| -- | |
| 952 ## - LOCATION AND ITEM INFORMATION (KOHA) | |
| -- | |
| 952 ## - LOCATION AND ITEM INFORMATION (KOHA) | |
| -- | |
| Withdrawn status | Lost status | Source of classification or shelving scheme | Damaged status | Not for loan | Home library | Current library | Shelving location | Date acquired | Source of acquisition | Total Checkouts | Full call number | Barcode | Date last seen | Copy number | Price effective from | Koha item type | Uniform Resource Identifier |
|---|---|---|---|---|---|---|---|---|---|---|---|---|---|---|---|---|---|
| Dewey Decimal Classification | Junior High School Library | Junior High School Library | Reserved | 09/06/2022 | Library Fund | Res. 899.211 M298p 2022 | JHS - 21003 | 12/03/2025 | c1 | 12/03/2025 | BK-0 CIRC | ||||||
| Dewey Decimal Classification | Junior High School Library | Junior High School Library | Reserved | 09/06/2022 | Library Fund | Res. 899.211 M298p 2022 | JHS - 21004 | 12/03/2025 | c2 | 12/03/2025 | BK-0 CIRC | ||||||
| Dewey Decimal Classification | Junior High School Library | Junior High School Library | Reserved | 09/06/2022 | Library Fund | Res. 899.211 M298p 2022 | JHS - 21005 | 12/03/2025 | c3 | 12/03/2025 | BK-0 CIRC |